Možnosti použitia biosenzorov v analýze vína

Podrobná bibliografia
Hlavní autori: Tkáč, Ján, 1972- (Autor), Hronský, Vladimír, 1975- (Autor), Navrátil, Marián (Autor)
Médium: Článok
Jazyk:slovenčina
Fyzický popis:Obr.
ISSN:0042-6326
Predmet:

MARC

LEADER 00000nab a2200000 a 4500
001 vtls000700687
003 SK-MaSNL
005 20260319100056.0
008 040806c1999 xo 0 slo
015 |a SNBRB1999/09-21597 
035 |a CLN000052854 
040 |a SNKBUCL  |b slo  |c SNKBUCL  |e AACR2 
041 0 |a slo 
044 |a xo  |c SK 
080 |a 577.1:663.2  |2 UDC-MRF-SK2 
080 |a 663.2  |2 UDC-MRF-SK2 
100 1 |a Tkáč, Ján,  |d 1972-  |4 aut  |9 183340 
245 1 0 |a Možnosti použitia biosenzorov v analýze vína  |c Ján Tkáč, Vladimír Hronský, Marián Navrátil 
300 |b Obr. 
500 |a Pokračovanie v budúcom čísle 
650 0 7 |a víno  |x analýza biochemická  |x biosenzory  |2 snkbucl  |9 890117 
650 0 7 |a biosenzory  |2 snkbucl  |9 17163 
650 0 7 |a analýza biochemická  |2 snkbucl  |9 890118 
655 7 |a články z novín a časopisov  |2 snkbucl  |9 267496 
700 1 |a Hronský, Vladimír,   |d 1975-  |4 aut  |9 1635121 
700 1 |a Navrátil, Marián  |4 aut  |9 890119 
773 0 |x 0042-6326  |t Vinohrad  |g Roč. 37, č. 3 (1999), s. 61-62 
850 |a Slovenská národná knižnica v Martine 
852 |a SNK  |b KIS3GCP 
999 |c 1451672  |d 1453602